Vista normal
Vista MARC
Entrada Nombre corporativo
Número de registros utilizados en: 2
001 - NÚMERO DE CONTROL
- Campo de control: 40346
003 - IDENTIFICADOR DE NÚMERO DE CONTROL
- Campo de control: ES-MaCES
005 - FECHA Y HORA DE LA ULTIMA MODIFICACION
- Campo de control: 20220519132716.0
008 - ELEMENTOS DE DATOS DE LONGITUD FIJA
- Campo de longitud fija: 220517|| azz||aabn | a|a d
040 ## - FUENTE DE LA CATALOGACIÓN
- Agencia original de catalogación: ES-MaCES
110 2# - ENCABEZAMIENTO--NOMBRE CORPORATIVO
- Nombre corporativo o de jurisdicción como elemento de entrada: Fundación ONCE
- Unidad subordinada: Observatorio sobre Discapacidad y Mercado de Trabajo
410 2# - TRAZADO VEÁSE--NOMBRE CORPORATIVO
- Nombre corporativo o de jurisdicción como elemento de entrada: ODISMET
410 2# - TRAZADO VEÁSE--NOMBRE CORPORATIVO
- Nombre corporativo o de jurisdicción como elemento de entrada: Observatorio sobre Discapacidad y Mercado de Trabajo
670 ## - FUENTE DE DATOS ENCONTRADOS
- Información encontrada: La Fundación ONCE e Inserta Empleo, en el contexto del Programa Operativo de Lucha contra la Discriminación, cofinanciado por el Fondo Social Europeo, han creado ODISMET, Observatorio sobre Discapacidad y Mercado de Trabajo en España en 2014, como un instrumento para guiar proyectos y actuaciones conducentes a fomentar la integración de las personas con discapacidad en distintos ámbitos y contextos.
- Fuente de citación: www.odismet.es

